LA GESTION STRATEGIQUE DANS LA PRODUCTION DU MEUBLE EN ROUMANIE DANS LA PERSPECTIVE D'INTEGRATION DANS L'UNION EUROPEENNE

Bibliographic Details
Main Author: Roman, Teodora (Author)
Format: Article
Language:French
ISBN:8080556784

MARC

LEADER 00000naa a2200000uu 4500
001 vtls010930132
003 SK-MaSNL
005 20260302131042.0
008 210824|2002 xo |||||||||||||||||fre|
015 |a SNBRA 
035 |a (urnnbn)urn:nbn:sk:snk:ar-a0b33s 
035 |a (uuid)535700df-8b2f-453f-87d4-74c766ccd37a 
035 |a urn:nbn:sk:snk-aatvmg 
040 |a SNKBUCL  |b slo  |c SNKBUCL  |e AACR2 
041 0 |a fre 
044 |a xo  |c SK 
100 1 |a Roman, Teodora  |4 aut  |9 815443 
245 1 0 |a LA GESTION STRATEGIQUE DANS LA PRODUCTION DU MEUBLE EN ROUMANIE DANS LA PERSPECTIVE D'INTEGRATION DANS L'UNION EUROPEENNE  |c Teodora Roman 
773 0 |t La construction europeenne  |d Banská Bystrica : Univerzita Mateja Bela, 2002  |g S. 269-277  |z 8080556784 
958 |a OND 
958 |a article11 
958 |a chapter 
999 |c 1303564  |d 1305494